Atlanta Falcons Head Coaches by Picture - Statistics

General Stats
  • This quiz has been taken 41 times
  • The average score is 7 of 17
Answer Stats
Picture Hint Answer % Correct
2021-2023 Arthur Smith
97%
2008-2014 Mike Smith
94%
2015-2020 Dan Quinn
91%
2020 | 2024-Present Raheem Morris
65%
2003 Wade Phillips
50%
1997-2003 Dan Reeves
44%
2004-2006 Jim L. Mora
41%
2007 Bobby Petrino
38%
1990-1993 Jerry Glanville
38%
1968-1974 Norm Van Brocklin
26%
1994-1996 June Jones
24%
1974-1976 | 1987-1989 Marion Campbell
21%
1983-1986 Dan Henning
9%
2007 Emmitt Thomas
6%
1989 Jim Hanifan
6%
1966-1968 Norb Hecker
6%
1976 Pat Peppler
0%
No matching quizzes found
Score Distribution
Percent of People with Each Score
Percentile by Number Answered
Your Score History
You have not taken this quiz